<?xml version="1.0" encoding="UTF-8"?><?xml-stylesheet type="text/xsl" href="static/style.xsl"?><OAI-PMH xmlns="http://www.openarchives.org/OAI/2.0/" xmlns:xsi="http://www.w3.org/2001/XMLSchema-instance" xsi:schemaLocation="http://www.openarchives.org/OAI/2.0/ http://www.openarchives.org/OAI/2.0/OAI-PMH.xsd"><responseDate>2026-06-29T01:32:06Z</responseDate><request verb="GetRecord" identifier="oai:docta.ucm.es:20.500.14352/129424" metadataPrefix="marc">https://docta.ucm.es/rest/oai/request</request><GetRecord><record><header><identifier>oai:docta.ucm.es:20.500.14352/129424</identifier><datestamp>2025-12-20T01:19:48Z</datestamp><setSpec>com_20.500.14352_14</setSpec><setSpec>col_20.500.14352_15</setSpec></header><metadata><record xmlns="http://www.loc.gov/MARC21/slim" xmlns:dcterms="http://purl.org/dc/terms/" xmlns:xsi="http://www.w3.org/2001/XMLSchema-instance" xmlns:doc="http://www.lyncode.com/xoai" xsi:schemaLocation="http://www.loc.gov/MARC21/slim http://www.loc.gov/standards/marcxml/schema/MARC21slim.xsd">
   <leader>00925njm 22002777a 4500</leader>
   <datafield ind2=" " ind1=" " tag="042">
      <subfield code="a">dc</subfield>
   </datafield>
   <datafield ind2=" " ind1=" " tag="720">
      <subfield code="a">Vaquero Martínez, Sergio</subfield>
      <subfield code="e">author</subfield>
   </datafield>
   <datafield ind2=" " ind1=" " tag="260">
      <subfield code="c">2024-07-08</subfield>
   </datafield>
   <datafield ind2=" " ind1=" " tag="520">
      <subfield code="a">La policía constituyó un agente sociopolítico insustituible en el acontecer de la Segunda República. La mayoría de especialistas identifican como causa primordial de su comportamiento el arraigo generalizado de una mentalidad autoritaria y castrense contraria al régimen republicano. Cuestionando dicha idea, el siguiente artículo analiza la cultura policial de aquella época: los discursos, valores, representaciones, identidades, símbolos y prácticas que configuraron su saber profesional y su particular construcción de la realidad. Se defiende que dicha cultura albergaba dos subculturas: una militarizada mayoritaria, otra civil minoritaria, así como algunos atributos característicos de una concepción más profesional y democrática del oficio.</subfield>
   </datafield>
   <datafield ind2=" " ind1=" " tag="520">
      <subfield code="a">The police were an irreplaceable sociopolitical agent during the Second Republic. Most of the specialists have argued that their be-havior was conditioned by the persistence of an authoritarian, military mentality opposed to the republican regime. This article questions this idea by analysing the culture of the police during the period by focus-ing on the discourses, values, representations, identities, symbols, and practices that informed their professional knowledge and their con-struction of reality. It argues that this culture contained two subcul-tures: a major militarized subculture and a minor civil one, as well as some attributes characteristic of a more professional and democratic conception of the job.</subfield>
   </datafield>
   <datafield ind1="8" ind2=" " tag="024">
      <subfield code="a">Vaquero Martínez, S. (2024). En defensa del orden: la cultura profesional de la policía en la Segunda República, 1931-1936. Ayer. Revista De Historia Contemporánea, 135(3), 75–101. https://doi.org/10.55509/ayer/2411</subfield>
   </datafield>
   <datafield ind1="8" ind2=" " tag="024">
      <subfield code="a">1134-2277,</subfield>
   </datafield>
   <datafield ind1="8" ind2=" " tag="024">
      <subfield code="a">10.55509/ayer/2411</subfield>
   </datafield>
   <datafield ind1="8" ind2=" " tag="024">
      <subfield code="a">https://hdl.handle.net/20.500.14352/129424</subfield>
   </datafield>
   <datafield ind1="8" ind2=" " tag="024">
      <subfield code="a">2255-5838</subfield>
   </datafield>
   <datafield ind1="8" ind2=" " tag="024">
      <subfield code="a">https://doi.org/10.55509/ayer/2411</subfield>
   </datafield>
   <datafield ind1="8" ind2=" " tag="024">
      <subfield code="a">https://www.revistasmarcialpons.es/revistaayer/article/view/vaquero-en-defensa-del-orden</subfield>
   </datafield>
   <datafield ind1="8" ind2=" " tag="024">
      <subfield code="a">https://dialnet.unirioja.es/servlet/articulo?codigo=9693250</subfield>
   </datafield>
   <datafield ind2="0" ind1="0" tag="245">
      <subfield code="a">En defensa del orden: la cultura profesional de la policía en la Segunda República, 1931-1936</subfield>
   </datafield>
</record></metadata></record></GetRecord></OAI-PMH>